|
|
|
|
| LEADER |
00000nam a2200000 a 4500 |
| 001 |
vtls001488599 |
| 003 |
SK-MaSNL |
| 005 |
20260302073759.0 |
| 008 |
240314 xo 000 0 eng |
| 040 |
|
|
|a SNK
|b slo
|c SNK
|e AACR2
|
| 041 |
0 |
|
|a eng
|
| 044 |
|
|
|a xo
|c SK
|
| 100 |
1 |
|
|a Riečan, Beloslav,
|d 1936-2018
|4 aut
|9 222087
|
| 245 |
1 |
0 |
|a Seminár a cvičenia z matematiky
|b pravdepodobnostné modely reálnych situácií algoritmy a matematika
|
| 250 |
|
|
|a 1. vyd.
|
| 260 |
|
|
|a Bratislava
|b Slovenské pedagogické nakladateľstvo
|c 1988
|
| 300 |
|
|
|a 152 s.
|
| 999 |
|
|
|c 1162337
|d 1164267
|
| 952 |
|
|
|a SNK
|b SNK
|y PREZ
|7 0
|p 17A0833189
|o snkSB 43632
|0 0
|1 0
|4 0
|d 2012-07-12
|f 1
|l 0
|r 2025-05-09 00:00:00
|w 2026-02-24
|
| 952 |
|
|
|a SNK
|b SNK
|y VYP
|7 0
|p 17A0454946
|o snkSB 43632 D1
|i snkKSP 6129/88
|3 rekatalogizácia
|0 0
|1 0
|4 0
|d 2005-01-14
|l 0
|r 2026-02-24 20:37:46
|w 2026-02-24
|